000 00428nam a2200181Ia 4500
001 19970
005 20260306172731.0
008 260306t1993||||xx |||||||||||||| ||spa||
041 _aESP
082 _a342
_bT78
100 _aDe Trazegnies Granda, Fernando
_eAUT
245 0 _aPostmodernidad y derecho
260 _c1993
300 _a108páginas :
_c17cm.
650 _aGEN
654 _aCDE
942 _cLIB
_dJUS
_fJUS
_2ddc
_n
999 _c19970
_d19970